Ultimate German Vocabulary Quiz Part 2 - Statistics

General Stats
  • This quiz has been taken 779 times
    63 since last reset
  • The average score is 3 of 10
Answer Stats
German English % Correct
Die Annahme Acceptance
100%
Die Zustimmung Agreement
100%
So viel wie As much as
100%
Sobald As soon as
100%
Das Nebenprodukt Byproduct
100%
Der Sarg Coffin
100%
Bunt Colorful
100%
Der Wettbewerb Competition
100%
Zuversichtlich Confident
100%
Die Baustelle Construction site
100%
Die Kurbel Crank
100%
Derzeit Currently
100%
Verdient Deserved/Earned
100%
Die Narbe Scar
100%
Wirksam/Effektiv Effective
100%
Die Taschenlampe Flashlight
100%
Gezwungen Forced
100%
Die Stirn Forehead
100%
Die Schuld Guilt
100%
Die Ernte Harvest
100%
Unwirksam/Ineffektiv Ineffective
100%
Unvermeidlich/Unausweichlich Inevitable
100%
Absichtlich Intentional
100%
In der Zwischenzeit In the meantime
100%
Der Anwalt Lawyer
100%
Die Schicht Layer
100%
Weder ... noch Neither ... nor
100%
Angenehm Pleasant
100%
Die Strahlung Radiation
100%
Das Ufer Shore
100%
Der Geruch Smell
100%
Sogenannt So-called
100%
Bald Soon
100%
Die Träne Tear
100%
Vorwerfen To accuse
100%
Zielen (auf) To aim (at)
100%
Zuordnen/Zuweisen To assign
100%
Schuldig sein To be guilty
100%
Stolz sein To be proud
100%
Ausblasen To blow out
100%
In Erfüllung gehen To come true
100%
Abreißen To demolish
100%
Verkörpern To embody
100%
Verzaubern To enchant
100%
Ablaufen To expire
100%
Begünstigen To favor
100%
In Konkurs gehen To go bankrupt
100%
Beleidigen To insult
100%
Vorstellen To introduce
100%
Umbringen To kill
100%
Ausleben To live out
100%
Verwalten To manage
100%
Vermarkten (an) To market (to)
100%
Treffen To meet
100%
Verengen To narrow
100%
Eine Schlüsselrolle einnehmen (bei) To play a key role (in)
100%
Bedauern To regret
100%
Beantworten To reply
100%
Berichten To report
100%
Umdenken To rethink
100%
Scheinen To seem/shine
100%
Zähmen To tame
100%
Saugen To vacuum
100%
Die Tradition/Überlieferung Tradition/custom
100%
Der Dreizack Trident
100%
Unterwegs Underway
100%
Die Ansicht View
100%
Der Zusammenhang Connection
67%
Angebracht/Angemessen Appropriate (Behavior)
50%
Vorsichtig Careful
50%
Die Bedingung Condition
50%
Der Inhalt/Gehalt Content
50%
Die Entmutigung Discouragement
50%
Der Teig Dough
50%
Die Faser Fiber
50%
Das Bestandteil Ingredient
50%
Auf diese(r) Weise In this way
50%
Lediglich Merely
50%
Die Unordnung Mess
50%
Keineswegs Not at all
50%
Die Gelegenheit Opportunity
50%
Der Ausbruch Outbreak
50%
Der Erreger Pathogen
50%
Die körperliche Unversehrtheit Physical integrity
50%
Weich Soft
50%
Das Leid Suffering
50%
Verhaften To arrest
50%
Erfassen To capture
50%
Entmutigen To discourage
50%
Etablieren To establish
50%
Eingreifen To intervene
50%
Erfinden To invent
50%
Wachhalten To keep awake
50%
Belohnen To reward
50%
Letztendlich Ultimately
50%
Der Zufall Coincidence
33%
Weiterleiten (an) To forward (to)
33%
Herrschen To reign
33%
Unausgeglichen Unbalanced
33%
Einzigartig Unique
33%
Die Abschaffung Abolition
0%
Unbedigt Absolutely/Definitely
0%
Versehentlich Accidentally
0%
Gemäß According to
0%
Die Tätigkeit Activity
0%
Die Anpassung Adjustment
0%
Die Beförderung Advancement
0%
Betroffen Affected
0%
Lebendig Alive
0%
Angeblich Allegedly
0%
Entlang Along
0%
Die Mehrdeutigkeit Ambiguity
0%
Und doch And yet
0%
Scheinbar Apparently
0%
Infolge/Dies hat zur Folge As a result
0%
Gestellten Fragen Asked questions
0%
Als Vorwand für As pretext for/as an excuse for
0%
Zugewiesen Assigned
0%
Überhaupt At all
0%
Die Aufmerksamkeit Attention
0%
Die Behörden Authorities
0%
Die Befugnis Authority
0%
Die Auszeichnung Award
0%
Der Gürtel Belt
0%
Parteiisch Biased
0%
Die Erpressung Blackmail
0%
Fade/Abgestanden Bland
0%
Die Decke Blanket/Ceiling
0%
Die Bude Booth
0%
Das Messing Brass
0%
Die Sendung Broadcast
0%
Übrigens By the way
0%
Ändernde Changing
0%
Die Essstäbchen (pl) Chopsticks
0%
Deutlich Clearly
0%
Der Befehl Command
0%
Das Gremium Committee
0%
Wettbewerbsfähig Competitive
0%
Nachvollziehbar Comprehensible
0%
Umfassend Comprehensive
0%
Das Anliegen Concern
0%
Die Eroberung Conquest
0%
Der Rücksicht Consideration
0%
Berücksichtigt Considered
0%
Auffällig Conspicuous
0%
Die Errichtung Construction
0%
Die Einnahme Consumption
0%
Die Eindämmung Containment
0%
Die Verachtung Contempt
0%
Umstritten/Kontrovers Controversial
0%
Die Umwandlung Conversion
0%
Gebogen Curved/Bent
0%
Die Schulden Debt
0%
Das Jahrzehnt Decade
0%
Die Niederlage Defeat
0%
Die Verteidigung Defense
0%
Wehrlos Defenseless
0%
Die Leugnung Denial
0%
Verzweifelt Desperate
0%
Ausführlich/Detailliert Detailed
0%
Die Bestimmung Determining
0%
Verheerend Devastating
0%
Gerichtet (an) Directed (to)
0%
Die Verdrängung Displacement
0%
Die Ablenkung Distraction
0%
Begierig Eager
0%
Der Adler Eagle
0%
Das Erdbeben Earthquake
0%
Die Ermutigung Encouragement
0%
Der Feind Enemy
0%
Unterhaltsam Entertaining
0%
Wesentlich Essential
0%
Ewig Eternal
0%
Jemals Ever
0%
Aufgeregt Excited
0%
Die Vertreibung Expulsion
0%
Umfangreich Extensive
0%
Das Ausmaß Extent
0%
Die Tatsache Fact
0%
Die Gebühr Fee
0%
Die Gärung Fermentation
0%
Der Dünger Fertilizer
0%
Die Schwankung Fluctuation
0%
Das Nebel Fog
0%
Neblig Foggy
0%
Die Vergebung Forgiveness
0%
Ehemalig Former
0%
Vorerst For now
0%
Die Freizügigkeit Freedom of movement
0%
Die Frequenz Frequency
0%
Sanft Gentle
0%
Riesig Giant
0%
Hochbegabt Gifted/talented
0%
Die Gier Greed
0%
Gierig Greedy
0%
Die Umgang Handling
0%
Der Einklang Harmony
0%
Der Vorsprung Head start
0%
Feindlich Hostile
0%
Die Feindseligkeit Hostility
0%
Bescheiden Humble
0%
Bescheiden Humble
0%
Gegebenenfalls (ggf.) If necessary
0%
Der Anreiz Incentive
0%
Vermehrt Increased
0%
Zugunsten von In favor for
0%
Zunächst Initially
0%
Die Eingabe Input
0%
Die Eingabe Input
0%
Einsichtig Insightful
0%
Die Beleidigung Insult
0%
Verflochten Intertwined
0%
Der Eingriff Intervention
0%
Gerechtfertigt Justified
0%
Die Leiter Ladder
0%
Sehenswürdigkeiten Landmarks
0%
Führend Leading
0%
Das Erbe Legacy
0%
Die Befreiung Liberation
0%
Die Sperre Lock
0%
Der Verlust Loss
0%
Die Verwaltung Management
0%
Inzwischen Meanwhile
0%
Unordentlich Messy
0%
Der Metallstab Metal rod
0%
Der Bergarbeiter Miner
0%
Elend Miserable
0%
Das Elend Misery
0%
Mäßig Moderate
0%
Die Stimmung Mood
0%
Die Nachlässigkeit Negligence
0%
Weder Neither
0%
Nachrichten News
0%
Bemerkenswert Notable
0%
Nennenswert Noteworthy
0%
Der Bescheid Notice
0%
Null und nichtig Null and void
0%
Der Eid Oath
0%
Gehorsam Obedient
0%
Der Gegenstand Object
0%
Die Verpflichtung Obligation
0%
Der Anlass Occasion
0%
Besetzt Occupied
0%
Beamte Officials
0%
Hingegen On the other hand
0%
Aufgeschlossen Open-minded
0%
Der Betrieb Operation
0%
Veraltet Outdated
0%
Die Ausgabe Output
0%
Zerkocht Overcooked
0%
Der Überblick Overview
0%
Blass Pale
0%
Die Leidenschaft Passion
0%
Friedlich Peaceful/Peacefully
0%
Die Wahrnehmung Perception
0%
Das Rohr Pipe
0%
Vorbestimmt Predetermined
0%
Vermutlich Presumably
0%
Das Gefängnis Prison
0%
Der Gefangener Prisoner
0%
Der Fortschritt Progress
0%
Der Anteil Proportion/share
0%
Der Schub Push
0%
Die Tollwut Rabies
0%
Roh Raw
0%
Die Verwirklichung Realization
0%
Vernünftig Reasonable
0%
Verkleinert Reduced
0%
Raffiniert Refined
0%
Der Flüchtling Refugee
0%
Zuverlässig Reliable
0%
Die Reue Remorse
0%
Die Anforderung Requirement
0%
Der Rücktritt Resignation
0%
Der Widerstand Resistance
0%
Der Widerstand Resistance
0%
Der Rückzug Retreat
0%
Der Umsatz Revenue
0%
Die Belohnung Reward
0%
Röhrend Roaring
0%
Der Roboter Robot
0%
Das Seil Rope
0%
Grob Rough
0%
Trümmer Ruins/Debris
0%
Das Gerücht Rumor
0%
Die Probe Sample
0%
Zufrieden Satisfied
0%
Empfindlich/Empfindsam Sensitive
0%
Die Empfindlichkeit Sensitivity
0%
Das Blech Sheet metal
0%
Die Abschaltung Shut down
0%
Bedeutsam Significant
0%
Sündhaft Sinful
0%
Die Spüle Sink
0%
Der Klang/Sound Sound
0%
Die Verbreitung Spread
0%
Schal Stale
0%
Ausgehend von Starting from
0%
Der Herd Stove
0%
Geradeaus Straight ahead
0%
Streng Strict
0%
Solche Such
0%
Die Eignung Suitability
0%
Der Gipfel Summit
0%
Abergläubisch Superstitious
0%
Vermeintlich Supposed
0%
Die Chirurgie Surgery
0%
Die Umgebung Surroundings
0%
Argwöhnisch Suspicious
0%
Die Schaukel Swing
0%
Mühsam Tedious
0%
Das Gebiet Territory
0%
Dank Thanks to
0%
Der Mangel an The lack of
0%
Das Gewebe Tissue (of the body)
0%
Unterbringen To accommodate
0%
Vollziehen To accomplish
0%
Anpassen To adapt/adjust/customize
0%
Ansprechen To address
0%
Sich leisten To afford
0%
Lindern To alleviate
0%
Zulassen To allow
0%
Betragen To amount to
0%
Befürworten To approve
0%
Bitten To ask (for something)
0%
Befestigen To attach
0%
Anziehen To attract
0%
Aufmerksamkeit erregen To attract attention
0%
Versteigern To auction
0%
Wachrufen To awaken
0%
In der Lage sein To be capable of
0%
Das Sagen haben To be in charge
0%
Beteiligt sein To be involved
0%
Bestehen aus To be made of
0%
Leidenschaft haben To be passionate
0%
Unterliegen To be subject (to)
0%
Anfällig sein (für) To be susceptible (to)
0%
In der Falle sitzen To be trapped
0%
Erpressen To blackmail
0%
Beschuldigen To blame
0%
Blinzeln/Blinken To blink
0%
Wehen To blow (wind)
0%
Zum Schluss bringen To bring to an end
0%
Tragen To carry
0%
Anklagen To charge (for a crime)
0%
Behaupten To claim
0%
Zusammenbrechen To collapse
0%
Ins Reine kommen To come clean
0%
Konkurrieren To compete
0%
Berücksichtigen/Betrachten To consider
0%
Bestreiten To contest
0%
Widersprechen To contradict
0%
Beitragen To contribute
0%
Umwandeln To convert
0%
Überzeugen To convince
0%
Bewältigen To cope
0%
Entgegenwirken To counter/counteract
0%
Basteln To craft/tinker
0%
Sich sehnen To crave
0%
Mit etwas umgehen/Auseinandersetzen To deal with something
0%
Verteidigen To defend
0%
Verlangen To demand
0%
Vorweisen To demonstrate
0%
Einzahlen/Hinterlegen To deposit
0%
Begehren/erwünschen To desire
0%
Abgrenzen To differentiate
0%
Verwerfen To discard
0%
Trennen To disconnect
0%
Enterben To disown
0%
Entsorgen To dispose
0%
Widerlegen To disprove
0%
Verzerren To distort
0%
Verziehen To distort
0%
Ausweichen To dodge
0%
Beseitigen To eliminate
0%
Ermutigen To encourage
0%
Bereichern To enrich
0%
Ausstatten To equip
0%
Sich entziehen To evade
0%
Überschreiten To exceed
0%
Sich hervortun To excel
0%
Erschöpfen To exhaust
0%
Ausstellen To exhibit
0%
Fälschen To fake/falsify
0%
Hereinfallen auf etwas To fall for something
0%
Schwanken To fluctuate
0%
Narren To fool
0%
Bilden To form
0%
Sich gewöhnen (an) To get used (to)
0%
Nachgeben To give in
0%
Gewähren To grant
0%
Ernten To harvest
0%
Zur Rechenschaft/Verantwortung ziehen To hold accountable
0%
Verdeutlichen To illustrate
0%
Beeinträchtigen To impair
0%
Verhängen/Auferlegen To impose
0%
Angeben To indicate/specify
0%
Beabsichtigen To intend
0%
Wechselwirken To interact
0%
Abfangen To intercept
0%
Niederschlagen To knock down/quell
0%
Hinterherhinken To lag behind
0%
Befreien To liberate
0%
Nachschlagen To look up (information)
0%
Einen Versuch unternehmen To make an attempt
0%
Sich anstrengen/bemühen To make an effort
0%
Vorankommen To make progress
0%
Benoten To mark/grade
0%
Beherrschen To master
0%
Mildern To mitigate
0%
Einziehen To move in
0%
Verneinen To negate
0%
Nicken To nod
0%
Gehorchen To obey
0%
Betreiben To operate
0%
Überwinden To overcome
0%
Überschätzen To overestimate
0%
Verschlafen To oversleep
0%
Stürzen To overthrow
0%
Schulden/Verdanken (jemandem) To owe (someone)
0%
Vergehen To pass (time)
0%
Wahrnehmen To perceive
0%
Durchführen To perform/carry out
0%
Bevorzugen To prefer
0%
Vorgehen To proceed
0%
Verarbeiten To process
0%
Fördern To promote
0%
Kündigen To quit
0%
Merken To realize
0%
Aufbegehren To rebel
0%
Anwerben To recruit
0%
Verlagern To relocate
0%
Erinnern To remind
0%
Anfragen To request
0%
Beilegen To resolve (a conflict)
0%
Wiederherstellen To restore
0%
Umkehren To reverse
0%
Zurückkehren To revert
0%
Überarbeiten To revise
0%
Entlanglaufen To run along
0%
Kratzen To scratch
0%
Verführen To seduce
0%
Ergreifen To seize
0%
Dem Ziel dienen To serve the goal
0%
Die Weichen stellen To set the course
0%
Abschalten/Herunterfahren To shut down
0%
Übergehen To skip/pass over
0%
Verlangsamen To slow down
0%
Schnarchen To snore
0%
Sich einstehen To stand up (for yourself)
0%
Aufhören To stop/cease
0%
Einreichen To submit
0%
Gelingen To succeed
0%
Verklagen To sue
0%
Umgeben To surround
0%
Aussetzen To suspend
0%
Hin- und herschalten To switch back and forth
0%
Maßnahmen ergreifen To take measures
0%
Verantwortung übernehmen To take responsibility
0%
Sich rächen To take revenge
0%
Festbinden To tie up
0%
Dulden/Tolerieren To tolerate
0%
Zäh Tough
0%
Unterschreiten To undercut
0%
Unterschätzen To underestimate
0%
Untergraben/Unterminieren To undermine
0%
Verlernen To unlearn
0%
Entfesseln To unleash
0%
Abwägen To weigh up
0%
Empfangen To welcome/receive
0%
Zwinkern To wink
0%
Entziehen/Zurückziehen To withdraw
0%
Umwickeln To wrap around
0%
Die Abschrift Transcript
0%
Der Übergang Transition
0%
Der Schatz Treasure
0%
Ungeheuer Tremendous
0%
Der Auslöser Trigger
0%
Einstimmig Unanimous
0%
Unwandelbar Unchangeable
0%
Unberücksichtigt Unconsidered
0%
Unerklärlich Unexplainable
0%
Der Einsatz Use
0%
Üblich Usual
0%
Abwechslungsreich Varied
0%
Der Verstoß Violation
0%
Anfällig (für) Vulnerable (to)
0%
Der Verzicht Waiver/Renunciation
0%
Der Abfall Waste
0%
Was auch immer Whatever
0%
Wobei Whereby
0%
Die Witwe Widow
0%
Der Draht Wire
0%
Die Drahtklemme Wire clamp
0%
Welk/Verwelkt Withered
0%
Hinsichtlich With regard to
0%
Der Zeuge/Die Zeugin Witness
0%
Erwerbsbevölkerung Working Population
0%
Die Arbeitsbelastung Work load
0%
Der Ertrag Yield
0%
No matching quizzes found
Score Distribution
Percent of People with Each Score
Percentile by Number Answered
Your Score History
You have not taken this quiz since the last reset